header

The City of the first book of Ember (Record no. 260636)

MARC details
000 -LEADER
fixed length control field 00256nam a22001097a 4500
020 ## - INTERNATIONAL STANDARD BOOK NUMBER
ISBN 03375822747
100 ## - MAIN ENTRY--AUTHOR NAME
Personal name Jeanne DuPrau
245 ## - TITLE STATEMENT
Title The City of the first book of Ember
260 ## - PUBLICATION, DISTRIBUTION, ETC. (IMPRINT)
Place of publication New York
Name of publisher Random House
Year of publication 2003
300 ## - PHYSICAL DESCRIPTION
Number of Pages 270 pgs
942 ## - ADDED ENTRY ELEMENTS (KOHA)
Koha item type Long Loan Books
Holdings
Withdrawn status Lost status Collection code Home library Current library Shelving location Date acquired Accession Number Koha item type
    Fiction Rongo University Library Rongo University Library Children's Area 12/09/2023 CL2021754 Long Loan Books

© 2026 Rongo University
Contact us: librarian | system librarian | Rongo university